Les Meilleurs buteurs du championnat d'Espagne de football - Statistiques

Statistiques générales
  • Ce quiz a été pris 330 fois
  • Le résultat moyen est 6 sur 15
Statistiques - réponses
Buts Nationalité Clubs successifs Joueur % Correct
311 Portugal Real Madrid (311) Cristiano Ronaldo
100%
474 Argentine FC Barcelone (474) Lionel Messi
100%
238 France Real Madrid (238) Karim Benzema
94%
198 France Real Sociedad (40), Atlético de Madrid (136), FC Barcelone (22) Antoine Griezmann
81%
228 Espagne Real Madrid (228) Raúl
73%
185 Espagne Real Saragosse (32), Valence CF (107), FC Barcelone (33), Atlético de Madrid (13) David Villa
54%
227 Espagne / Argentine Real Madrid (216), RCD Espanyol (11) Alfredo Di Stéfano
50%
234 Mexique Atlético de Madrid (54), Real Madrid (164), Rayo Vallecano (16) Hugo Sánchez
39%
251 Espagne Athletic Club (251) Telmo Zarra
3%
223 Espagne Grenade CF (23), FC Barcelone (192), Cultural Leonesa (3), Elche CF (5) César
1%
219 Espagne Sporting Gijon (165), FC Barcelone (54) Quini
1%
186 Espagne Real Madrid (186) Santillana
1%
182 Espagne Séville FC (182) Juan Arza
0%
195 Espagne Valence CF (186), CD Alcoyano (9) Mundo
0%
210 Espagne Celta de Vigo (56), Real Madrid (108), Deportivo La Corogne (46) Pahiño
0%
Aucun quiz correspondant
Distribution des résultats
% des personnes avec chaque résultat
Percentile par nombre de réponses
Votre historique - résultats
Vous n’avez pas pris ce quiz